00286nam a2200121Ia 4500008004100000041001200041082001100053100001700064245005900081260000600140650000600146700001200152221030s9999 xx 000 0 und d aEnglish a105.23 aB. C. Punima 0aEnviornmental Engineering -2cby B. C. Punima, A. Jain c0 aB aA. Jain